000 00246nam a2200097Ia 4500
001 777236
005 20250826165903.0
008 250824s9999 xx 000 0 und d
245 0 _aGÜNEŞE DÖN YÜZÜNÜ
_cAYŞE KULİN
260 _bEVEREST YAYINLARI
999 _c777236
_d777236